Sाांदणे शिंपीत जा (Record no. 338890)

MARC details
000 -LEADER
fixed length control field 00609nam a2200169Ia 4500
008 - FIXED-LENGTH DATA ELEMENTS--GENERAL INFORMATION
fixed length control field 090711s9999 xx 000 0 und d
082 ## - DEWEY DECIMAL CLASSIFICATION NUMBER
Item number 1852
100 ## - MAIN ENTRY--PERSONAL NAME
Personal name कालेलकर मधुसूदन
245 ## - TITLE STATEMENT
Title Sाांदणे शिंपीत जा
260 ## - PUBLICATION, DISTRIBUTION, ETC. (IMPRINT)
Name of publisher, distributor, etc मॅजेस्टीक प्रकाशन
Date of publication, distribution, etc 1984
300 ## - PHYSICAL DESCRIPTION
Extent 94
600 ## - SUBJECT ADDED ENTRY--PERSONAL NAME
Personal name कालेलकर मधुसूदन
630 ## - SUBJECT ADDED ENTRY--UNIFORM TITLE
Uniform title Sाांदणे शिंपीत जा
700 ## - ADDED ENTRY--PERSONAL NAME
Personal name कालेलकर मधुसूदन
730 ## - ADDED ENTRY--UNIFORM TITLE
Uniform title Sाांदणे शिंपीत जा
942 ## - ADDED ENTRY ELEMENTS (KOHA)
Koha item type Book

No items available.